Flagi świata - losowe, konkurs szkolny - Statystyki

Ogólne statystyki
  • Ten quiz został rozwiązany 1 057 razy
  • Średni wynik to 24 z 30
Statystyki odpowiedzi
Obrazkowy Odpowiedź % Poprawnych
Chorwacja
100%
Finlandia
100%
Arabia Saudyjska
98%
Belgia
98%
Brazylia
98%
Czechy
98%
Kanada
98%
Norwegia
98%
Republika Południowej Afryki
98%
Stany Zjednoczone
98%
Szwajcaria
98%
Szwecja
98%
Austria
97%
Iran
97%
Argentyna
96%
Australia
96%
Indonezja
96%
Irlandia
96%
Izrael
96%
Nepal
96%
Niemcy
96%
Rosja
96%
Serbia
96%
Węgry
96%
Grecja
95%
Islandia
95%
Katar
95%
Kazachstan
95%
Portugalia
95%
Słowacja
95%
Dania
94%
Egipt
94%
Indie
94%
Jamajka
94%
Korea Północna
94%
Meksyk
94%
Nowa Zelandia
94%
Rumunia
94%
Turcja
94%
Wielka Brytania
94%
Białoruś
93%
Bośnia i Hercegowina
93%
Filipiny
93%
Gruzja
93%
Hiszpania
93%
Kosowo
93%
Macedonia Północna
93%
Litwa
92%
Luksemburg
92%
Ukraina
92%
Francja
91%
Irak
91%
Japonia
91%
Kenia
91%
Kuba
91%
Łotwa
91%
Maroko
91%
Słowenia
91%
Tajlandia
91%
Włochy
91%
Bułgaria
90%
Chile
90%
Estonia
90%
Holandia
90%
Liban
90%
Mołdawia
89%
Tunezja
89%
Algieria
88%
Chiny
88%
Kolumbia
88%
Korea Południowa
88%
Wenezuela
88%
Zjednoczone Emiraty Arabskie
88%
Urugwaj
87%
Albania
86%
Madagaskar
86%
Panama
86%
Wietnam
86%
Nigeria
85%
Turkmenistan
85%
Armenia
84%
Ekwador
84%
Pakistan
84%
Syria
84%
Laos
83%
Senegal
83%
Seszele
83%
Uzbekistan
83%
Bangladesz
82%
Peru
82%
Somalia
81%
Demokratyczna Republika Konga
80%
Ghana
80%
Niger
80%
Tajwan
80%
Angola
79%
Mongolia
79%
Uganda
79%
Azerbejdżan
78%
Mozambik
78%
Etiopia
76%
Kambodża
76%
Wybrzeże Kości Słoniowej
76%
Haiti
75%
Paragwaj
75%
Honduras
74%
Kamerun
74%
Mali
74%
Boliwia
72%
Papua Nowa Gwinea
72%
Burkina Faso
71%
Jemen
71%
Libia
70%
Oman
70%
Kuwejt
69%
Sudan
69%
Kirgistan
68%
Mikronezja
67%
Fidżi
66%
Botswana
65%
Zambia
65%
Afganistan
64%
Nikaragua
64%
Kostaryka
63%
Tadżykistan
63%
Tanzania
63%
Zimbabwe
63%
Malawi
62%
Kongo
61%
Republika Środkowoafrykańska
61%
Gwatemala
58%
Mjanma/Birma
54%
Erytrea
53%
Liberia
53%
Sudan Południowy
52%
Gabon
51%
Gwinea
51%
Samoa
51%
Gwinea Bissau
50%
Gujana
49%
Namibia
48%
Salwador
48%
Mauretania
47%
Surinam
46%
Vanuatu
42%
Burundi
39%
Nie znaleziono quizów pasujących do podanych kryteriów
Rozkład punktacji
Procent ludzi z każdym wynikiem
Percentyl według liczby udzielonych odpowiedzi
Twoja historia wyników
Nie rozwiązałeś tego quizu